I cento fantasmi visibili del terrorismo filosofico di Donatien-Alphonse-Francois marchese di Sade, ovvero Le incisioni che hanno illustrato la prima introvabile edizione del 1797, detta l'olandese, di La nouvelle Justine, ou Les malheurs de la vertu suivie de l'Histoire de Juliette sa soeur, ou Les prosperites du vice.
保存先:
| その他の著者: | , , , |
|---|---|
| フォーマット: | 図書 |
| 言語: | イタリア語 |
| 出版事項: |
Milano :
Phototeca (distribuzione Mondadori),
1982
|
| シリーズ: | Index ;
1 |
| 主題: | |
| タグ: |
タグなし, このレコードへの初めてのタグを付けませんか!
|
MARC
| LEADER | 00000nam a22000007i 4500 | ||
|---|---|---|---|
| 001 | IT\ICCU\SBL\0614974 | ||
| 003 | ItRI | ||
| 005 | 20260223113836.0 | ||
| 008 | 910930s1982 it |||||| ||||| |||||c | ||
| 015 | |2 IT |a 849070 | ||
| 040 | |b ita |c ct | ||
| 041 | 7 | |a ita |2 ISO-639-2 | |
| 082 | |a 741.64 |2 18 | ||
| 245 | 0 | 2 | |a I cento fantasmi visibili del terrorismo filosofico di Donatien-Alphonse-Francois marchese di Sade, ovvero Le incisioni che hanno illustrato la prima introvabile edizione del 1797, detta l'olandese, di La nouvelle Justine, ou Les malheurs de la vertu suivie de l'Histoire de Juliette sa soeur, ou Les prosperites du vice. |
| 260 | |a Milano : |b Phototeca (distribuzione Mondadori), |c 1982 | ||
| 300 | |a 157 p. : |b ill. ; |c 18 x 22 cm | ||
| 500 | |a Supplemento a "Phototeca", n. 9, dicembre 1982 | ||
| 650 | 7 | |a Sade, Donatien Alphonse François . La *nouvelle Justine |x Illustrazioni |2 scbi | |
| 700 | 1 | |a Sade, Donatien Alphonse François : de |0 IT\ICCU\CFIV\004315 | |
| 700 | 1 | |a Gilardi, Ando |0 IT\ICCU\CFIV\020246 |4 aui | |
| 700 | 1 | |a Urso, Santi A. |0 IT\ICCU\LIAV\442021 |4 aft | |
| 700 | 1 | |a Iliprandi, Giancarlo |0 IT\ICCU\RAVV\005770 |4 pbd | |
| 830 | 0 | |a Index ; |v 1 |0 IT\ICCU\CFI\0007816 | |
| 942 | |2 ddc |c BK | ||
| 952 | |0 0 |1 0 |2 ddc |4 0 |6 B_AGF01SADDOCEN11 |7 0 |9 9117 |a MI |b MI |d 2011-12-05 |i 1982 |l 0 |o B-AGF01-SADDO-CEN11 |p CDOM1982 |r 2025-07-17 21:50:45 |w 2025-07-17 |x ACQUISTO |y BK | ||
| 952 | |0 0 |1 0 |4 0 |6 DOC_843_500000000000000_SAD |7 0 |9 22154 |a BO |b BO |d 2026-01-15 |i 2563 |l 0 |o DOC 843.5 SAD |p BO2563 |r 2026-01-15 23:22:20 |w 2026-01-15 |x [Sebina 7] [1 v.] |y BK |z 1 v. | ||
| 952 | |0 0 |1 0 |4 0 |6 DOC_843_500000000000000_SAD |7 0 |9 22155 |a BO |b BO |d 2026-01-15 |i 2895 |l 0 |o DOC 843.5 SAD |p BO2895 |r 2026-01-15 23:22:20 |w 2026-01-15 |x [Sebina 5] [1 v.] |y BK |z 1 v. (2. copia) | ||
| 999 | |c 7593 |d 7593 | ||